Podaj państwo według 5 miast - wersja średnia - Statystyki

Ogólne statystyki
  • Ten quiz został rozwiązany 31 razy
  • Średni wynik to 8 z 15
Statystyki odpowiedzi
Miasta Państwo % Poprawnych
Irkuck, Orenburg, Czeboksary, Surgut, Iwanowo Rosja
93%
Mesa, Milwaukee, Fresno, Bakersfield, Anaheim Stany Zjednoczone
93%
Mikołajów, Czerkasy, Czerniowce, Sumy, Kercz Ukraina
93%
Kartagena, Leganes, Burgos, Marbella, Badajoz Hiszpania
62%
Port Said, Tanta, Al-Chusus, Al-Minja, Luksor Egipt
59%
Novo Mesto, Velenje, Ptuj, Trbovlje, Nova Gorica Słowenia
55%
Dammam, Tabuk, Abha, Sakaka, Al-Chubar Arabia Saudyjska
48%
Newcastle, Sunshine Coast, Central Coast, Taree, Whyalla Australia
45%
Esch-sur-Alzette, Dudelande, Petange, Mersch, Kayl Luksemburg
41%
Narwa, Parnawa, Voru, Elva, Turi Estonia
31%
Szymkent, Taraz, Atyrau, Oral, Ekibastuz Kazachstan
31%
Windhuk, Rundu, Oszakati, Katima Mulilo, Tsumeb Namibia
31%
El Alto, Tarija, La Guardia, Trinidad, Vlacha Boliwia
28%
Concepción, Valparaíso, Antofagasta, Calama, Osorno Chile
28%
Subang Jaya, Kuching, Kuantan, Sandakan, Tawau Malezja
24%
Nie znaleziono quizów pasujących do podanych kryteriów
Rozkład punktacji
Procent ludzi z każdym wynikiem
Percentyl według liczby udzielonych odpowiedzi
Twoja historia wyników
Nie rozwiązałeś tego quizu